[Event "8th Open"]
[Site "Voronezh RUS"]
[Date "2004.06.15"]
[Round "4"]
[White "Manelis,V"]
[Black "Filippov,Vl"]
[Result "1-0"]
[WhiteElo "2267"]
[BlackElo "2159"]

1.e4 d6 2.d4 g6 3.Nc3 Bg7 4.Be3 c6 5.Qd2 b5 6.O-O-O Bb7 7.f3 Nd7 8.g4 h5
9.g5 c5 10.dxc5 Qa5 11.cxd6 Bxc3 12.Qxc3 Qxc3 13.bxc3 exd6 14.Rxd6 Ke7 15.Rd2 Rc8
16.Bh3 Bc6 17.Ne2 Rc7 18.Rhd1 f6 19.Rd6 Ne5 20.gxf6+ Nxf6 21.Re6+ Kf7 22.Rxe5  1-0

[Event "8th Open"]
[Site "Voronezh RUS"]
[Date "2004.06.18"]
[Round "7"]
[White "Semenova,Ir"]
[Black "Chadaev,N"]
[Result "0-1"]
[WhiteElo "2279"]
[BlackElo "2370"]

1.e4 g6 2.d4 Bg7 3.Nc3 d6 4.f4 Nf6 5.Nf3 c5 6.dxc5 Qa5 7.Bd3 Qxc5 8.Qe2 Nc6
9.Be3 Qa5 10.O-O Bg4 11.h3 Bxf3 12.Qxf3 O-O 13.a3 Rac8 14.Ne2 Nd7 15.b4 Qa4
16.c3 Nce5 17.fxe5 Nxe5 18.Qg3 Nxd3 19.Bg5 Qc2 20.Qe3 f6 21.Bh4 Bh6 22.Qxh6 Qxe2
23.Be1 Qxe4 24.Bd2 Ne5 25.Rae1 Qd3 26.Rf2 Rc4 27.g4 Re4 28.Rxe4 Qxe4 29.Rf4 Qd3
30.Rf2 Rc8 31.Kg2 Rc4 32.a4 Nxg4 33.hxg4 Rxg4+  0-1

[Event "Masters"]
[Site "Grenoble FRA"]
[Date "2004.06.19"]
[Round "1"]
[White "Grimberg,G"]
[Black "Foisor,O"]
[Result "1/2-1/2"]
[WhiteElo "2318"]
[BlackElo "2411"]

1.d4 g6 2.e4 Bg7 3.Nc3 d6 4.Be3 a6 5.Qd2 Nd7 6.a4 b6 7.Nf3 Bb7 8.Bd3 e6 9.O-O h6
10.h3 Ne7 11.Rfe1 Kf8 12.Nh2 Kg8 13.Ng4 Qf8 14.f3 Kh7 15.Rad1 f5 16.exf5 exf5
17.Nh2 Qf7 18.Bf2 Rhe8 19.Ne2 d5 20.c3 Nf8  1/2-1/2

[Event "National Open"]
[Site "Las Vegas USA"]
[Date "2004.06.19"]
[Round "3"]
[White "Kriventsov,S"]
[Black "Chase,C"]
[Result "1-0"]
[WhiteElo "2415"]
[BlackElo "2349"]

1.e4 g6 2.d4 Bg7 3.Nc3 d6 4.Be3 a6 5.Qd2 Nd7 6.f3 b5 7.g4 Bb7 8.Nge2 c5 9.h4 h6
10.Ng3 Qc7 11.h5 d5 12.Bf4 e5 13.dxe5 Nxe5 14.Kf2 O-O-O 15.Nxd5 Bxd5 16.exd5 Nf6
17.c4 bxc4 18.Bxe5 Qxe5 19.Bxc4 Nxd5 20.Bxa6+ Kb8 21.Rhe1 Qd4+ 22.Qxd4 Bxd4+
23.Kg2 Ne3+ 24.Kh3 Nc2 25.Bc4 Nxa1 26.Rxa1 gxh5 27.Nxh5 Rhe8 28.Nf4 Bxb2
29.Rb1 Rd2 30.Nd3 Ree2 31.Nxc5 Re3 32.Kg3 Ka7 33.Nd7 Ba3 34.Kf4 Rc3 35.Bb5 Bd6+
36.Ke4 Rxa2 37.Rd1 Bc7 38.Nf6 Ra5 39.Nd5 Rc5 40.Be8 Rc4+ 41.Rd4 Rc1 42.Bxf7 Re1+
43.Kf5 Re5+ 44.Kg6 Ra6+ 45.Kh7 Rd6 46.f4 Rexd5 47.Bxd5 Rf6 48.f5 h5 49.g5 Rxf5
50.g6 Be5 51.g7 Bxg7 52.Kxg7 h4 53.Be6 Rh5 54.Bf7 Rc5 55.Rxh4 Kb6 56.Kf6 Kc7
57.Ke6 Rc1 58.Rd4 Re1+ 59.Kd5 Rc1 60.Be6 Rc6 61.Ke5 Rc5+ 62.Bd5 Rc1 63.Rb4 Re1+
64.Be4 Kc8 65.Kd6 Rd1+ 66.Bd5 Rd2 67.Rc4+ Kd8 68.Ra4 Rc2 69.Ra7 Rc1 70.Rd7+ Ke8
71.Re7+ Kd8 72.Re2 Rc3 73.Rg2 Re3 74.Rg7 Re1 75.Rd7+ Kc8 76.Ra7 Rb1 77.Ra2 Rb4
78.Rh2  1-0

[Event "National Open"]
[Site "Las Vegas USA"]
[Date "2004.06.19"]
[Round "4"]
[White "Johnson,J"]
[Black "Zlotnikov,M"]
[Result "1/2-1/2"]
[WhiteElo "2227"]
[BlackElo "2352"]

1.e4 g6 2.d4 Bg7 3.Nc3 d6 4.Bc4 Nf6 5.Nge2 c6 6.Bb3 O-O 7.f3 Nbd7 8.Be3 e5
9.Qd2 exd4 10.Nxd4 Nc5 11.Nde2 Qe7 12.Rd1 Ne8 13.O-O a5 14.a3 b5 15.Nd4 Bb7
16.Ba2 b4 17.Nb1 Nc7 18.Rfe1 N5a6 19.c3 c5 20.Ne2 Rfd8 21.Bg5 Bf6 22.Bxf6 Qxf6
23.Nf4 Bc6 24.Nd5 Nxd5 25.Bxd5 Bxd5 26.Qxd5 Qe7 27.Nd2 Nc7 28.Qc6 Rdb8 29.Nc4 Ra6
30.Qa4 Qe6 31.Ne3 Qe8  1/2-1/2

[Event "National Open"]
[Site "Las Vegas USA"]
[Date "2004.06.20"]
[Round "5"]
[White "West,V"]
[Black "Chase,C"]
[Result "1-0"]
[WhiteElo "2098"]
[BlackElo "2349"]

1.e4 g6 2.d4 Bg7 3.Nc3 d6 4.Be3 a6 5.Qd2 Nd7 6.Nf3 b5 7.Bd3 Bb7 8.O-O Ngf6
9.Bh6 O-O 10.a3 e5 11.Rfe1 exd4 12.Nxd4 c5 13.Nf3 Re8 14.Bxg7 Kxg7 15.Qf4 Ne5
16.Rad1 Nh5 17.Qe3 Qf6 18.Nxe5 Rxe5 19.Be2 Nf4 20.Bf3 Rae8 21.Qd2 Nh3+ 22.Kf1 Ng5
23.Qxd6 R8e6 24.Qd3 c4 25.Qe3 h5 26.Rd4 a5 27.Red1 b4 28.Nd5 Bxd5 29.Rxd5 Rxd5
30.Rxd5 Nxf3 31.gxf3 Qxb2 32.Rxa5 Rd6 33.axb4 Qxc2 34.Kg2 Rd3 35.Qg5 Rd2
36.Qe5+ Kh7 37.Qc5 Rd8 38.Qe7 Qd2 39.Qxf7+ Kh6 40.Qxc4 h4 41.Qc5 Qd1 42.Qg5+  1-0

[Event "National Open"]
[Site "Las Vegas USA"]
[Date "2004.06.20"]
[Round "6"]
[White "Johnson,J"]
[Black "Burnett,R"]
[Result "0-1"]
[WhiteElo "2227"]
[BlackElo "2439"]

1.e4 g6 2.d4 d6 3.Nc3 Bg7 4.Bc4 Nf6 5.Nge2 O-O 6.f3 c6 7.a4 d5 8.exd5 cxd5
9.Bb3 Nc6 10.Be3 Na5 11.Ba2 b6 12.Qd2 Ba6 13.h4 Bxe2 14.Nxe2 Rc8 15.h5 Nxh5
16.g4 Nf6 17.O-O-O Qd7 18.Kb1 Qxa4 19.Ng3 Nc4 20.Bxc4 dxc4 21.c3 Rfd8 22.Qh2 Qb5
23.Ne4 h5 24.Nxf6+ exf6 25.gxh5 Qf5+ 26.Kc1 Re8 27.Bd2 g5 28.h6 Bf8 29.f4 Bd6
30.Rhg1 Re4 31.Rdf1 Rce8 32.Qf2 Bxf4 33.Qxf4 Rxf4 34.Rxf4 Qg6 35.Rf2 Qxh6
36.Rgf1 Kg7 37.b3 b5 38.Kb2 Qg6 39.b4 Re6 40.Ra1 a6 41.Raf1 Qd3  0-1

[Event "8th Open"]
[Site "Voronezh RUS"]
[Date "2004.06.20"]
[Round "9"]
[White "Zhumabaev,R"]
[Black "Chadaev,N"]
[Result "1-0"]
[WhiteElo "2295"]
[BlackElo "2370"]

1.e4 g6 2.d4 Bg7 3.Nc3 d6 4.Nf3 a6 5.a4 b6 6.Bc4 e6 7.O-O Bb7 8.Re1 Nd7 9.Bf1 Ne7
10.Nb1 O-O 11.c3 h6 12.Nbd2 e5 13.dxe5 Nxe5 14.Nxe5 Bxe5 15.Nf3 Bg7 16.Nd4 c5
17.Nc2 f5 18.exf5 Nxf5 19.Bf4 g5 20.Bg3 Qf6 21.Bc4+ Kh8 22.Re6 Qd8 23.Bxd6 Rf6
24.Bg3 Qf8 25.Qe2 Nh4 26.Rxf6 Qxf6 27.f3 Nf5 28.Rd1 Bc6 29.Bd5 Re8 30.Qc4 Rd8
31.Rd3 Nxg3 32.hxg3 Be8 33.Be4 a5 34.Ne3 Rxd3 35.Bxd3 Qe5 36.Kf2 Bd7 37.Bc2 Be6
38.Qd3 Bg8 39.Qd8 Qe6 40.Be4 Qf6 41.Qb8 Bf8 42.Bd5 Bh7 43.Nc4 h5 44.Nxb6 Bf5
45.Nc4 h4 46.gxh4 gxh4 47.Nxa5 h3 48.gxh3 c4 49.Nxc4 Qh4+ 50.Ke2  1-0

[Event "8th Open"]
[Site "Voronezh RUS"]
[Date "2004.06.20"]
[Round "9"]
[White "Voitsekhovsky,S"]
[Black "Burmakin,V"]
[Result "1-0"]
[WhiteElo "2494"]
[BlackElo "2571"]

1.e4 d6 2.d4 g6 3.Nc3 Bg7 4.Nf3 c6 5.h3 Nf6 6.Bd3 O-O 7.Be3 b5 8.Qd2 Bb7
9.Bh6 b4 10.Ne2 c5 11.Bxg7 Kxg7 12.dxc5 dxc5 13.e5 Ng8 14.Qe3 Qc7 15.Be4 Bxe4
16.Qxe4 Nc6 17.O-O Rad8 18.Rad1 e6 19.Nf4 h6 20.Qxg6+ Kh8 21.Qg3 Nce7 22.Nh4 Kh7
23.Qe3 Qc6 24.c4 bxc3 25.bxc3 Rxd1 26.Rxd1 Qa4 27.Rd2 Rb8 28.Kh2 Kh8 29.Qg3 Qe8
30.Nh5 Ng6 31.Nf6 Nxf6 32.exf6 Rc8 33.Nxg6+ fxg6 34.Qe5 Kg8 35.g4 Kf7 36.h4 Qa4
37.Kg3 h5 38.f3 hxg4 39.fxg4 Qc6 40.Rd6 Qe8 41.h5 gxh5 42.Qg5  1-0

[Event "XVIII Open"]
[Site "Pula CRO"]
[Date "2004.06.21"]
[Round "2"]
[White "Van Leent,D"]
[Black "Bogdanovski,V"]
[Result "0-1"]
[WhiteElo "2239"]
[BlackElo "2451"]

1.e4 d6 2.d4 g6 3.Nc3 Bg7 4.Be3 a6 5.Qd2 Nd7 6.Nf3 b6 7.O-O-O Bb7 8.Be2 b5
9.h4 h6 10.d5 Ngf6 11.a3 c5 12.dxc6 Bxc6 13.Bd3 Rc8 14.Nd4 Bb7 15.f4 Ng4
16.Bg1 h5 17.Kb1 O-O 18.f5 Nc5 19.Nd5 e6 20.Nc3 gxf5 21.exf5 e5 22.Nb3 Nxb3
23.cxb3 d5 24.Qg5 Nf6 25.Rh3 Kh7 26.Qd2 d4 27.Na2 Bh6 28.Qe1 e4 29.Bf1 d3
30.Nc3 Rg8 31.Be3 Bxe3 32.Rxe3 Qd4 33.Qd2 Nd5 34.Nxd5 Bxd5 35.Bxd3 exd3 36.Qxd3 Qxd3+
37.Rdxd3 Rcd8 38.Kc1 Bxg2 39.Rc3 Rge8 40.Rxe8 Rxe8 41.Kd2 Be4 42.Rc5 Kg7
43.b4 Kf6 44.b3 Bxf5 45.a4 Re5 46.Rc6+ Re6 47.Rc5 Rb6 48.Kc3 Kg6 49.Rd5 f6
50.Rc5 Be6 51.Rc7 Rd6 52.Rb7 Bd7  0-1

[Event "XVIII Open"]
[Site "Pula CRO"]
[Date "2004.06.22"]
[Round "4"]
[White "Zelcic,R"]
[Black "Bogdanovski,V"]
[Result "1-0"]
[WhiteElo "2509"]
[BlackElo "2451"]

1.e4 d6 2.d4 g6 3.Nc3 Bg7 4.Bg5 a6 5.Nf3 Nd7 6.a4 c5 7.a5 cxd4 8.Nxd4 Ngf6
9.Be2 O-O 10.O-O Re8 11.Qd2 Qc7 12.Rfe1 b5 13.axb6 Nxb6 14.Nb3 Bb7 15.Bd3 d5
16.exd5 Nbxd5 17.Nxd5 Nxd5 18.c4 Nf6 19.Na5 Ng4 20.Qf4 Ne5 21.Qg3 Qd7 22.Bc2 Nc6
23.Ba4 Rab8 24.h3 Qc8 25.Nxb7 Rxb7 26.Rad1 h6 27.Qf3 Rc7 28.Bf4 e5 29.Be3 Re6
30.Qd5 Rb7 31.Rd2 Kh7 32.c5 Qc7 33.Qc4 Rb4 34.Qc2 Rb8 35.Qd1 Re7 36.h4 Nd4
37.c6 h5 38.g3 Rb4 39.Bxd4 Rxd4 40.Rxd4 exd4 41.Rxe7 Qxe7 42.Bb3 Qc7 43.Qf3 Kg8
44.Qxf7+  1-0

[Event "3rd Asean IM"]
[Site "Bangkok THA"]
[Date "2004.06.24"]
[Round "5"]
[White "Theerapabpaisit,W"]
[Black "Aung Aung"]
[Result "0-1"]
[WhiteElo "2271"]
[BlackElo "2524"]

1.e4 g6 2.d4 Bg7 3.Nc3 d6 4.Be3 a6 5.Qd2 b5 6.f3 Bb7 7.Nh3 Nd7 8.Nf2 c5 9.Be2 cxd4
10.Bxd4 Ngf6 11.g4 Rc8 12.h4 Nb6 13.h5 e5 14.Be3 d5 15.O-O-O d4 16.Bh6 Bxh6
17.Qxh6 Qc7 18.Qg7 dxc3 19.b3 Qc5 20.Nd3 Qa3+ 21.Kb1 Nbd7 22.Qxh8+ Ke7 23.Qg7 Nc5
24.hxg6 hxg6 25.g5 Nfd7 26.Rh7 Rf8  0-1

[Event "TCh-CRO"]
[Site "Rabac CRO"]
[Date "2004.06.26"]
[Round "8"]
[White "Brkic,A"]
[Black "Racic,Z"]
[Result "1-0"]
[WhiteElo "2427"]
[BlackElo "2073"]

1.e4 d6 2.d4 g6 3.Nc3 Bg7 4.Be3 Nf6 5.f3 Nc6 6.Qd2 h5 7.O-O-O a6 8.h4 b5
9.Nh3 Bb7 10.Ng5 e5 11.dxe5 Nxe5 12.Nd5 Nxd5 13.exd5 Qd7 14.Bd4 O-O 15.f4 Ng4
16.Bxg7 Kxg7 17.Be2 Nf2 18.Qd4+ Kh6 19.Qxf2 Qf5 20.Qd4 c5 21.dxc6 Bxc6 22.Bd3 Qc5
23.Qf6 Bd5 24.f5 Qe3+ 25.Rd2 Rae8 26.fxg6 Qe5 27.Qxe5 Rxe5 28.gxf7 a5 29.Rf1 Kg7
30.Bxb5 Bxa2 31.Bd3 a4 32.Rdf2 Bxf7 33.Rxf7+  1-0

[Event "2nd Infineon FM"]
[Site "Budapest HUN"]
[Date "2004.06.27"]
[Round "3"]
[White "Jonas,D"]
[Black "Dobos,O"]
[Result "1/2-1/2"]
[WhiteElo "1961"]
[BlackElo "2035"]

1.e4 d6 2.d4 g6 3.Nc3 Bg7 4.Be3 Nf6 5.h3 c6 6.Nf3 Qa5 7.Qd2 b5 8.Bd3 O-O
9.O-O a6 10.Nd5 Qd8 11.Nxf6+ exf6 12.Bh6 Qe7 13.Bxg7 Kxg7 14.Rfe1 Nd7 15.b3 c5
16.d5 Ne5 17.Nxe5 fxe5 18.c4 Bd7 19.Rab1 f5 20.f3 f4 21.Qf2 b4 22.Bc2 Qg5
23.Kh2 h5 24.Ra1 Ra7 25.a4 Qf6 26.Rh1 g5 27.Kg1 Raa8 28.Bd1 a5  1/2-1/2

[Event "ch-NED w"]
[Site "Leeuwarden NED"]
[Date "2004.06.30"]
[Round "2"]
[White "Van Weersel,A"]
[Black "Bosboom Lanchava,T"]
[Result "1-0"]
[WhiteElo "2134"]
[BlackElo "2375"]

1.e4 g6 2.d4 Bg7 3.Nc3 d6 4.f4 Nf6 5.Nf3 c5 6.dxc5 Qa5 7.e5 dxe5 8.Nxe5 O-O
9.Qf3 Ng4 10.Nc4 Qxc5 11.Ne4 Qc6 12.Bd3 b5 13.Na5 Qb6 14.Nb3 f5 15.Nec5 Nd7
16.Qd5+ e6 17.Qxa8 Nxc5 18.Nxc5 Qxc5 19.Qf3 e5 20.Be2 Be6 21.h3 Bd5 22.Qg3 exf4
23.Bxf4 Qb4+ 24.c3 Qxb2 25.O-O Nf6 26.Bf3 Bc4 27.Rfc1 Re8 28.Qf2 Qa3 29.Be3 Ne4
30.Bxe4 Rxe4 31.Bc5 Qa5 32.Bb4 Qc7 33.Re1 a5 34.Rxe4 fxe4 35.Bc5 b4 36.cxb4 axb4
37.Rd1 Bd3 38.Bxb4 Qc4 39.Bc5 Bh6 40.Bd4 Bg5 41.Bc5 h5 42.Qf8+ Kh7 43.Qd6 Qf7
44.Bd4 Bf4 45.Qd8 g5 46.Qb6 Qe7 47.Be3 Bd6 48.Qa5 Kg6 49.Rc1 Qf6 50.Qd5 g4
51.Bd4 Qf4 52.Qg8+ Kf5 53.hxg4+ hxg4 54.Qf7+ Kg5 55.Qg7+ Kh5 56.Qh7+ Kg5
57.Re1 e3 58.Qg7+ Kh5 59.Qh8+ Kg6 60.Bxe3  1-0

[Event "3rd Open"]
[Site "La Fere FRA"]
[Date "2004.07.04"]
[Round "2"]
[White "Levin,F"]
[Black "Laurent,J"]
[Result "1-0"]
[WhiteElo "2506"]
[BlackElo "2212"]

1.d4 d6 2.e4 g6 3.Nc3 Bg7 4.Be3 a6 5.a4 Nf6 6.h3 O-O 7.Nf3 Nbd7 8.e5 Ne8
9.Bc4 Nb6 10.Bb3 d5 11.Qe2 a5 12.O-O f6 13.Ne4 c6 14.Nc5 Nc7 15.Bf4 fxe5
16.Bxe5 Bxe5 17.Nxe5 Qd6 18.Rae1 Ne6 19.Nxe6 Qxe6 20.c4 Nxc4 21.Nxc4 Qxe2
22.Rxe2 dxc4 23.Bxc4+ e6 24.Rfe1 Rf4 25.Rd2 Bd7 26.g3 Rf6 27.Re5 b6 28.Rd3 Rd8
29.f4 Rf5 30.Rxe6 Bxe6 31.Bxe6+ Rf7 32.Kf2 Rd6 33.Bxf7+ Kxf7 34.Ke3 Re6+
35.Kf3 Rd6 36.g4 h6 37.f5 gxf5 38.gxf5 Rd5 39.Ke4 b5 40.b3 bxa4 41.bxa4  1-0

[Event "TCh-GRE"]
[Site "Aghia Pelagia GRE"]
[Date "2004.07.05"]
[Round "2"]
[White "Gavrilakis,N"]
[Black "Zysk,R"]
[Result "1/2-1/2"]
[WhiteElo "2402"]
[BlackElo "2462"]

1.e4 g6 2.d4 Bg7 3.Nc3 d6 4.Be3 a6 5.f4 b5 6.Nf3 Bb7 7.Bd3 Nd7 8.e5 e6 9.a4 b4
10.Ne4 Bxe4 11.Bxe4 d5 12.Bd3 Ne7 13.a5 c5 14.dxc5 Qc7 15.c3 bxc3 16.b4 Nc6
17.Qa4 O-O 18.O-O f6 19.exf6 Nxf6 20.Bd4 Nxd4 21.Nxd4 Rfe8 22.Qc6  1/2-1/2

[Event "ch-NED w"]
[Site "Leeuwarden NED"]
[Date "2004.07.05"]
[Round "6"]
[White "Muhren,B"]
[Black "Bosboom Lanchava,T"]
[Result "1-0"]
[WhiteElo "2211"]
[BlackElo "2375"]

1.e4 g6 2.d4 d6 3.Nc3 Bg7 4.f4 Nf6 5.Nf3 c5 6.Bb5+ Bd7 7.e5 Ng4 8.Bxd7+ Qxd7
9.d5 dxe5 10.h3 e4 11.Nxe4 Nf6 12.Nxf6+ Bxf6 13.O-O Qd6 14.c4 Nd7 15.Qe2 h6
16.Be3 Bg7 17.Rad1 O-O 18.Rfe1 Rfe8 19.Qf2 Rac8 20.Kh1 Qa6 21.b3 Qd6 22.Bc1 a6
23.Qe3 Nf8 24.Qf2 Nd7 25.Qe3 Nf8 26.Qd2 Nd7 27.Re2 Nf6 28.Ne5 Rcd8 29.Qc2 Nh5
30.Nxf7 Qf6 31.Nxd8 Ng3+ 32.Kh2 Nxe2 33.Qxe2 Rxd8 34.Re1 Kf8 35.Be3 b6 36.Bc1 Rd6
37.Bb2 Qxf4+ 38.g3 Qf7 39.Rf1 Bf6 40.Be5 Rd7 41.Qg4 Qe8 42.Qe6 Rd8 43.Rxf6+  1-0

[Event "Valoz Cup"]
[Site "Olomouc CZE"]
[Date "2004.07.05"]
[Round "2"]
[White "Zeberski,J"]
[Black "Tibensky,R"]
[Result "1/2-1/2"]
[WhiteElo "2338"]
[BlackElo "2425"]

1.e4 g6 2.d4 Bg7 3.Nc3 d6 4.Nf3 Nf6 5.Be2 O-O 6.O-O c6 7.a4 a5 8.h3 Na6 9.Be3 Nb4
10.Qd2 Qc7 11.Rad1 Rd8 12.Ne1 d5 13.e5 Ne4 14.Nxe4 dxe4 15.c3 Nd5 16.Qc2 f5
17.exf6 Nxf6 18.Bc4+ Kh8 19.Bg5 b5 20.axb5 cxb5 21.Bxb5 Rd5 22.Bxf6 Bxf6
23.Qxe4 Bb7 24.Qe2 a4 25.Bd3 Rd6 26.Nc2 Bd5 27.Ne3 Bb3 28.Bc2 Bf7 29.Be4 Ra7
30.Qd2 Qb7 31.Ra1 Rb6 32.Nd1 Qc7 33.Bc2 Rba6 34.Ne3 Ra5 35.Ra3 Qb6 36.Rb1 Bg5
37.Qd1 Rb5 38.Rxa4 Rxa4 39.Bxa4 Rxb2 40.Rxb2 Qxb2 41.Qc2 Qa1+ 42.Nd1 Qa3
43.c4 Bf6 44.d5 g5 45.Bd7 Qc5 46.Ne3 Qa7 47.Bf5 Bd4 48.Qe4 Qa1+ 49.Kh2 Be5+
50.g3 Qb2 51.Ng4 Bd6 52.Qc2 Qxc2 53.Bxc2 Kg7 54.Kg2 h5 55.Nh2 Kf6 56.Nf3 g4
57.hxg4 hxg4 58.Nd4 Bc5 59.Nb3 Bb4 60.f3 e6 61.dxe6 Bxe6 62.Bd3 gxf3+ 63.Kxf3 Ke5
64.Bf1 Bd7 65.g4 Be7 66.Be2 Bg5  1/2-1/2

[Event "TCh-GRE"]
[Site "Aghia Pelagia GRE"]
[Date "2004.07.06"]
[Round "3"]
[White "Markidis,K"]
[Black "Koukoufikis,G"]
[Result "1-0"]
[WhiteElo "2381"]
[BlackElo "2160"]

1.e4 g6 2.d4 Bg7 3.Nc3 d6 4.Be3 c6 5.Qd2 Nd7 6.Nf3 e5 7.dxe5 dxe5 8.Bd3 Qc7
9.h3 Ngf6 10.O-O O-O 11.Ne2 Nh5 12.g4 Nf4 13.Nxf4 exf4 14.Bxf4 Ne5 15.Be2 h5
16.Nh2 Be6 17.b3 Qc8 18.f3 hxg4 19.hxg4 f5 20.gxf5 gxf5 21.Bh6 Rf6 22.Bxg7 Kxg7
23.Kh1 Qh8 24.Qd4 Ng6 25.Rg1 Rd8 26.Qc3 Kf7 27.exf5 Bxf5 28.Bc4+ Be6 29.Rad1  1-0

[Event "TCh-GRE"]
[Site "Aghia Pelagia GRE"]
[Date "2004.07.06"]
[Round "3"]
[White "Darmarakis,M"]
[Black "Petrov,Marij"]
[Result "0-1"]
[WhiteElo "2199"]
[BlackElo "2441"]

1.e4 g6 2.d4 Bg7 3.Nc3 d6 4.Be2 a6 5.a4 b6 6.h4 h5 7.Bg5 Nc6 8.Nf3 Bg4 9.e5 d5
10.O-O Nh6 11.Qb1 Nf5 12.Rd1 Qd7 13.b4 e6 14.b5 Bxf3 15.bxc6 Qxc6 16.gxf3 Qxc3
17.Bxa6 O-O 18.Rd3 Qc6 19.Qb5 Qxc2 20.Rc1 Qe2 21.Re3 Qxb5 22.Bxb5 Nxd4 23.Rxc7 Bxe5
24.Rd7 Nxb5 25.Rxe5 Rxa4 26.Re3 Ra7 27.Rxa7 Nxa7 28.Ra3 Nb5 29.Ra6 Nd4 30.Bf6 Nxf3+
31.Kg2 Nd2 32.Rxb6 Re8 33.Rb5 Ne4 34.Bb2 Nd6 35.Rc5 Rc8 36.Rxc8+ Nxc8 37.Kf3 Nb6
38.Kf4 Nd7 39.Kg5 e5 40.f4 exf4 41.Kxf4 f6 42.Bc3 Kf7 43.Bb2 Nc5 44.Ba3 Ne6+
45.Kg3 Nd4 46.Kf4 Nf5 47.Bb4 Nxh4  0-1

[Event "22nd Open"]
[Site "Andorra la Vella AND"]
[Date "2004.07.06"]
[Round "4"]
[White "Solleveld,Maa"]
[Black "Fabregas Fontanet,A"]
[Result "1-0"]
[WhiteElo "2486"]
[BlackElo "2154"]

1.e4 g6 2.d4 Bg7 3.Nc3 d6 4.f4 c6 5.Nf3 Nf6 6.Bd3 Qb6 7.h3 O-O 8.O-O e5 9.Na4 Qa5
10.fxe5 dxe5 11.c3 Nbd7 12.Nc5 exd4 13.Nb3 Qb6 14.cxd4 Re8 15.Qc2 a5 16.Bf4 a4
17.Nbd2 Nh5 18.Be3 Qc7 19.Rae1 Nb6 20.Ng5 Re7 21.Nc4 Be6 22.Nxe6 fxe6 23.Nxb6 Qxb6
24.e5 a3 25.b3 Qb4 26.Kh2 Rf8 27.Bc4 Rxf1 28.Rxf1 Bf8 29.Qf2 Bg7 30.Bxe6+ Kh8
31.Qf8+  1-0

[Event "ch-NOR"]
[Site "Molde NOR"]
[Date "2004.07.06"]
[Round "4"]
[White "Fyllingen,R"]
[Black "Kristensen,Bj"]
[Result "1/2-1/2"]
[WhiteElo "2374"]
[BlackElo "2375"]

1.d4 g6 2.e4 Bg7 3.Nc3 d6 4.Nf3 Nf6 5.Be2 O-O 6.O-O a6 7.a4 a5 8.Bf4 Nc6
9.Qd2 e5 10.dxe5 dxe5 11.Qxd8 Rxd8 12.Nxe5 Nd4 13.Bc4 Be6 14.Bxe6 Nxe6 15.Bg3 Nh5
16.Nf3 Nxg3 17.hxg3 Bxc3 18.bxc3 Nc5 19.Rfe1 Ra6 20.Nd4 Rb6 21.f3 Rb2 22.Re2 Rd6
23.Kf2 Rdb6 24.Ke3 Rb1 25.Re1 Rxe1+ 26.Rxe1 Nxa4 27.Ra1 Nb2 28.Nb3 a4 29.Nc5 Rd6
30.Nxb7 Rd1 31.Rxd1 Nxd1+ 32.Kd2 a3 33.Nc5 a2 34.Nb3 Nb2 35.c4 Nxc4+ 36.Kc3 Ne3
37.Kb2 Nxg2 38.Kxa2 Ne1 39.Nd4 c5 40.Ne2 Nxf3 41.Kb3 Ne5 42.Ka4 Kg7 43.Kb5 c4
44.Kc5 Kh6 45.Kd4 f6 46.Nf4 Kg5 47.Nd5 h6 48.Ne3 h5 49.Nd5 Kg4 50.Nxf6+ Kxg3
51.Kxe5 h4 52.Kd6 h3 53.e5 h2 54.e6 h1=Q 55.e7 Qh8 56.Ke6 Qc8+ 57.Kf7 g5
58.e8=Q Qxe8+ 59.Kxe8 Kf3 60.Kf7 c3 61.Ke6 Ke3  1/2-1/2

[Event "32nd World Open"]
[Site "Philadelphia USA"]
[Date "2004.07.06"]
[Round "9"]
[White "Bartholomew,J"]
[Black "Zaichik,G"]
[Result "1-0"]
[WhiteElo "2342"]
[BlackElo "2511"]

1.e4 g6 2.d4 Bg7 3.Nc3 d6 4.f4 Nf6 5.a3 O-O 6.Nf3 Nc6 7.Be3 e5 8.dxe5 dxe5
9.Qxd8 Rxd8 10.fxe5 Ng4 11.Bg5 Rf8 12.Nd5 Ncxe5 13.Nxc7 Rb8 14.Be7 Nc6 15.Bxf8 Bxb2
16.Rb1 Bc3+ 17.Ke2 Kxf8 18.Nd5 Nd4+ 19.Kd3 Nf2+ 20.Kxc3 Nxf3 21.gxf3 Nxh1
22.Kd4 Nf2 23.h4 Nh3 24.c4 h6 25.a4 g5 26.Bxh3 Bxh3 27.hxg5 Bd7 28.gxh6 Bxa4
29.Rg1 f6 30.Rg7 Be8 31.Nxf6 Rd8+ 32.Kc3 Bf7 33.Nh7+  1-0

[Event "HUN-POL Women's Match"]
[Site "Szeged HUN"]
[Date "2004.07.06"]
[Round "1"]
[White "Vajda,S"]
[Black "Zielinska,Mar"]
[Result "1/2-1/2"]
[WhiteElo "2355"]
[BlackElo "2402"]

1.e4 g6 2.d4 Bg7 3.Nc3 d6 4.Nf3 Nd7 5.Bc4 e6 6.Bg5 Ne7 7.Qd2 h6 8.Be3 a6
9.a4 b6 10.h4 Nf6 11.Bd3 Bb7 12.Nh2 d5 13.e5 Ne4 14.Bxe4 dxe4 15.h5 gxh5
16.Nf1 Nf5 17.Ng3 Nxg3 18.fxg3 c5 19.Rxh5 Qc7 20.dxc5 bxc5 21.O-O-O Bf8 22.Qe2 Qa5
23.Bg5 Bg7 24.Bf6 Bxf6 25.exf6 Rd8 26.Re5 Rg8 27.Nxe4 Rxd1+ 28.Qxd1 Bxe4
29.Rxe4 Qd8 30.Qf3 Qd5 31.c4 Qg5+ 32.Kb1 Kd7 33.Re3 Kc7 34.Rb3 Qf5+ 35.Qxf5 exf5
36.Re3 Kd6 37.Re7 Rxg3 38.Rxf7 Ke6 39.Ra7 Kxf6 40.Rxa6+ Ke5 41.Rxh6 Rxg2
42.Ka2 Rg8 43.Rc6 Kd4 44.Rf6 Kxc4 45.Rxf5 Kb4  1/2-1/2

[Event "TCh-GRE"]
[Site "Aghia Pelagia GRE"]
[Date "2004.07.07"]
[Round "4"]
[White "Kofidis,S"]
[Black "Koukoufikis,G"]
[Result "1-0"]
[WhiteElo "2248"]
[BlackElo "2160"]

1.e4 g6 2.d4 Bg7 3.Nc3 d6 4.Be3 c6 5.Qd2 b5 6.a3 a6 7.Nge2 Nd7 8.f3 e6 9.g4 Ngf6
10.g5 Ng8 11.h4 h6 12.Ng3 h5 13.f4 f5 14.d5 cxd5 15.exf5 gxf5 16.Be2 Bb7
17.Nxh5 Bf8 18.O-O-O d4 19.Qxd4 e5 20.Qd3 Bxh1 21.Rxh1 Ne7 22.Qxd6 Qb8 23.Nf6+ Nxf6
24.Qxf6 Rg8 25.fxe5 Qc7 26.Rd1 Ng6 27.Bh5 Be7 28.Bxg6+ Rxg6 29.Qxg6+ Kf8
30.e6 Bd6 31.Rxd6  1-0

[Event "TCh-GRE"]
[Site "Aghia Pelagia GRE"]
[Date "2004.07.07"]
[Round "5"]
[White "Darmarakis,M"]
[Black "Kofidis,A"]
[Result "0-1"]
[WhiteElo "2199"]
[BlackElo "2422"]

1.e4 g6 2.d4 d6 3.Nc3 Bg7 4.Be2 c6 5.h4 h5 6.Bg5 Qb6 7.Nf3 Bg4 8.Qd3 Bxf3
9.Qxf3 Qxd4 10.O-O Nd7 11.a4 a5 12.Be3 Qb4 13.Ra3 Nc5 14.Rd1 Nh6 15.Qh3 O-O
16.Bxc5 Qxc5 17.Rb3 Rab8 18.Qd7 Bf6 19.Rxb7 Rxb7 20.Qxb7 Bxh4 21.Rf1 Ng4
22.Bxg4 hxg4 23.g3 Bxg3 24.Qxe7 Bxf2+ 25.Kg2 Bd4 26.Qh4 Bxc3 27.bxc3 Qxc3
28.Qxg4 Qxc2+ 29.Rf2 Qxa4 30.Qf4 d5 31.Qf6 Qxe4+ 32.Kg1 Qe6 33.Qc3 Re8 34.Kf1 Qe4
35.Qh3 Re5 36.Qh6 Rh5  0-1

[Event "TCh-GRE"]
[Site "Aghia Pelagia GRE"]
[Date "2004.07.07"]
[Round "5"]
[White "Mihailidis,A"]
[Black "Koukoufikis,A"]
[Result "1/2-1/2"]
[WhiteElo "2264"]
[BlackElo "2247"]

1.e4 g6 2.d4 Bg7 3.Nc3 d6 4.f4 c6 5.Be3 Nf6 6.Nf3 O-O 7.Bd3 Nbd7 8.h3 b5
9.e5 Ne8 10.O-O Rb8 11.a3 a6 12.b4  1/2-1/2

[Event "GM"]
[Site "Brno CZE"]
[Date "2004.07.07"]
[Round "7"]
[White "Cernousek,L"]
[Black "Lagowski,P"]
[Result "1-0"]
[WhiteElo "2378"]
[BlackElo "2415"]

1.e4 g6 2.d4 Bg7 3.Nc3 d6 4.Be3 a6 5.Qd2 b5 6.f3 Bb7 7.a4 Nd7 8.axb5 axb5
9.Rxa8 Qxa8 10.Bxb5 Qa1+ 11.Nd1 e6 12.Bd3 Ngf6 13.Ne2 O-O 14.O-O Rb8 15.b4 Qa3
16.c3 Ba6 17.Bxa6 Qxa6 18.Nf2 Nb6 19.Nc1 Nc4 20.Qd3 Ra8 21.Nb3 Nd7 22.Bg5 f6
23.Bf4 Ndb6 24.Ng4 Qa4 25.Nd2 Nb2 26.Qb1 Qa2 27.Qc2 g5 28.Be3 N2c4 29.Qd3 Nb2
30.Qe2 N2a4 31.d5 exd5 32.Bxb6 Nxb6 33.Qe3 h5 34.Nf2 Nc4 35.Nxc4 dxc4 36.Qd4 Kh7
37.Qd5 Ra3 38.h4 gxh4 39.Qxh5+ Kg8 40.Qe8+ Kh7 41.Rd1 Rxc3 42.Rd5 Rc1+ 43.Kh2 c5
44.Qh5+ Kg8 45.Rxd6 Qa8 46.Ng4 Qf8 47.Re6 c3 48.Re8 c2 49.Nxf6+  1-0

[Event "3rd Open"]
[Site "La Fere FRA"]
[Date "2004.07.07"]
[Round "7"]
[White "Quillan,G"]
[Black "Maupoint,S"]
[Result "1-0"]
[WhiteElo "2323"]
[BlackElo "2082"]

1.e4 g6 2.d4 Bg7 3.Nc3 d6 4.Be3 c6 5.Qd2 b5 6.Nf3 a5 7.Bd3 Nd7 8.O-O Ngf6
9.h3 O-O 10.a3 Nb6 11.Rfe1 Be6 12.Bh6 Bc4 13.e5 Nfd5 14.Ne4 Bxd3 15.cxd3 Qd7
16.Rac1 b4 17.Qg5 f6 18.Qh4 Na4 19.Rc2 bxa3 20.bxa3 Rab8 21.Bd2 Nb2 22.e6 Qc8
23.Bxa5 Nxd3 24.Rd1 N3f4 25.Qg3 Ra8 26.Bb4 Ra4 27.Rb2 Qa8 28.Nxd6 Qa6 29.Kh2 Nh5
30.Qg4 exd6 31.Bxd6 Ra5 32.Rdb1 Rb5 33.e7 Nxe7 34.Qe6+ Kh8 35.Bxe7 Rfb8 36.Rxb5 Rxb5
37.Rxb5 Nf4 38.Rb6 Bf8 39.Qxf6+  1-0

[Event "GP CG de l'Heralt"]
[Site "Montpellier FRA"]
[Date "2004.07.07"]
[Round "3"]
[White "Hamdouchi,H"]
[Black "Deleyn,G"]
[Result "1-0"]
[WhiteElo "2556"]
[BlackElo "2275"]

1.e4 g6 2.d4 Bg7 3.Nc3 d6 4.Be3 e5 5.dxe5 dxe5 6.Qxd8+ Kxd8 7.Bc4 f6 8.f4 Bh6
9.g3 c6 10.O-O-O+ Nd7 11.Nf3 Ke8 12.Rhe1 Nb6 13.Bxg8 Bg4 14.fxe5 Bxf3 15.Bxh6 Bxd1
16.Bb3 Bg4 17.Bg7 Kd7 18.Bxh8 Rxh8 19.exf6  1-0

[Event "FSGM July"]
[Site "Budapest HUN"]
[Date "2004.07.08"]
[Round "6"]
[White "Predojevic,B"]
[Black "Lorscheid,G"]
[Result "1-0"]
[WhiteElo "2490"]
[BlackElo "2272"]

1.e4 d6 2.d4 g6 3.Nc3 Bg7 4.Bg5 Nd7 5.Qd2 a6 6.Nf3 c5 7.O-O-O cxd4 8.Nxd4 b5
9.Kb1 Bb7 10.f3 Rc8 11.Nd5 Nb6 12.Nxb6 Qxb6 13.Be3 Qc7 14.Rc1 Nf6 15.c4 bxc4
16.Bxc4 Qb8 17.Bh6 O-O 18.Bxg7 Kxg7 19.h4 h5 20.Qg5 Kh7 21.Bb3 Qa7 22.Rxc8 Rxc8
23.Bxf7 Qxd4 24.Bxg6+ Kg7 25.Bf5+ Kf8 26.Qh6+ Kf7 27.Qg6+ Kf8 28.Be6  1-0

[Event "Open"]
[Site "Olomouc CZE"]
[Date "2004.07.08"]
[Round "4"]
[White "Van der Laan,D"]
[Black "Meenakshi,S"]
[Result "1/2-1/2"]
[WhiteElo "2228"]
[BlackElo "2341"]

1.e4 g6 2.d4 Bg7 3.Nc3 d6 4.Bf4 Nf6 5.Nf3 O-O 6.Bd3 c5 7.dxc5 dxc5 8.e5 Nd5
9.Nxd5 Qxd5 10.Qe2 Nc6 11.Be4 Qd8 12.c3 Qc7 13.O-O b6 14.Rad1 e6 15.Be3 Bb7
16.Rd2 Rfd8 17.Rfd1 Rxd2 18.Rxd2 Rd8 19.Qd1 Rxd2 20.Nxd2 Ne7  1/2-1/2